Multiple Choice City Quiz - Tallinn - Statistics

General Stats
  • This quiz has been taken 448 times
    423 since last reset
  • The average score is 5 of 10
Answer Stats
Question Answer % Correct
What international capital city is the closest to Tallinn? Helsinki
87%
What body of water does Tallinn touch? Gulf of Finland
80%
Which one of these companies was founded in Tallinn? Skype
73%
What two colors are on the flag of Tallinn? Blue and white
60%
In 1988, Estonians gathered in Tallinn and were involved in a non-violent protest for independence that was known as what? Singing Revolution
50%
What is the name of Tallinn’s medieval old town and is also a UNESCO world heritage site? Vanalinn
48%
Which one of the following was the former name of Tallinn? Reval
45%
Which Estonian county is Tallinn located in? Harju
39%
What is the name of the main park in Tallinn and is also home to a palace by the same name? Kadriorg
30%
What is the meaning of "Tallinn?" Danish town
22%
No matching quizzes found
Score Distribution
Percent of People with Each Score
Percentile by Number Answered
Your Score History
You have not taken this quiz since the last reset